000 00290nam a2200121Ia 4500
008 260210s9999 xx 000 0 und d
020 _a9780955432224
100 _aSIMON WORTHINGTON
245 0 _aMUTE MAGAZINE GRAPHIC DESIGN
260 _bEIGHT BOOKS
260 _c2015
942 _cBDES
999 _c14066
_d14066